000 01463cam a2200433 4500
999 _c23247
_d23247
001 vtls011888507
005 20220428130612.0
008 210624s2019 xo er 000 f slo
020 _a9788055168425
_q(viazané)
035 _a5834894D-519C-45C3-8582-80F555C35DE2
035 _aurn:nbn:sk:snk-am3idd3
035 _aurn:nbn:sk:snk-am00e49q
040 _aPOKPOH
_bslo
_cPOKPOH
_dSNK
_erda
041 1 _aslo
_hswe
044 _axo
_cSK
072 7 _a821.11
_xGermánske literatúry
_2konspekt
080 _a821.113.6-31
_22011
080 _a(0:82-312.4)
_22011
100 1 _aBörjlind, Cilla,
_d1961-
_4aut
_92384
240 1 0 _aKallbrand
_lSlovensky
245 1 0 _aGangréna
_cCilla a Rolf Börjlindovci ; preložila Mária Bratová
264 1 _aBratislava
_bIkar
_c2019
300 _a372 strán
_c24 cm
336 _atext
_btxt
_2rdacontent
337 _abez média
_bn
_2rdamedia
338 _azväzok
_bnc
_2rdacarrier
490 1 _aSvetový bestseller
490 1 _aSeverské krimi
500 _aObsahuje krátke biografické údaje o autoroch na záložke prebalu publikácie
500 _aPreložené zo švédčiny
655 7 _ašvédske romány
_2SNKPH
_91715
655 7 _adetektívne romány
_2SNKPH
_91710
655 7 _aSwedish fiction
_2SNKPHeng
_91716
655 7 _aDetective novels
_2SNKPHeng
_91711
700 1 _aBörjlind, Rolf,
_d1943-
_4aut
_92385
700 1 _aBratová, Mária,
_d1958-
_4trl
_92014
958 _aLX
958 _aUP